000 006720000a22002170004500
090 _aAR
_b00048
245 1 0 _aMicroorganismos benéficos asociados a especies forestales
650 1 4 _aNitrógeno
_984838
650 1 4 _aFertilización del suelo
_992876
650 1 4 _aIngeniería forestal
_992877
650 1 4 _aMicroorganismos
_94169
650 1 4 _aReforestación
_992878
653 _gBoletus
_eBoletus edulis
_vHongo ectomicorrízico
653 _gPinus
_ePinus patula
_vpino
041 0 _aEspañol
700 1 _aWilliamson P., Isabel
_94172
700 1 _aMartínez, P.
_992879
100 1 _aOrozco, Cielo J.
_992880
942 _cARTICULO
773 1 _tPreprint
_33
_q1-9
_d1996
999 _c9151
_d9151